How Can I Keep From Singing? Quiz Stats

Quiz not verified by Sporcle

Challenge
Share
Tweet
Embed
Score 0/206 Timer 08:00
0 Plays Today
% Correct
I
94.7%
I
94.7%
I
94.7%
I
94.7%
I
94.7%
I
94.7%
I
94.7%
I
94.7%
I
94.7%
I
94.7%
can
93.3%
How
93.3%
can
93.3%
keep
93.3%
from
93.3%
How
93.3%
can
93.3%
keep
93.3%
from
93.3%
can
93.3%
How
93.3%
can
93.3%
keep
93.3%
from
93.3%
can
93.3%
How
93.3%
can
93.3%
keep
93.3%
from
93.3%
How
93.3%
can
93.3%
keep
93.3%
from
93.3%
can
93.3%
How
93.3%
can
93.3%
keep
93.3%
from
93.3%
singing?
90.7%
singing?
90.7%
singing?
90.7%
singing?
90.7%
singing?
90.7%
singing?
90.7%
a
77.3%
A
77.3%
My
76%
my
76%
my
76%
my
76%
my
76%
my
76%
my
76%
my
76%
my
76%
in
72%
the
72%
the
72%
the
72%
in
72%
the
72%
in
72%
the
72%
The
72%
an
69.3%
He
68%
and
66.7%
and
66.7%
and
66.7%
% Correct
and
66.7%
and
66.7%
and
66.7%
on
65.3%
is
65.3%
is
65.3%
is
65.3%
is
65.3%
to
62.7%
Lord
62.7%
of
62.7%
earth,
62.7%
to
62.7%
Lord
62.7%
of
62.7%
earth,
62.7%
to
62.7%
Lord
62.7%
of
62.7%
earth,
62.7%
of
62.7%
to
62.7%
Lord
62.7%
of
62.7%
earth,
62.7%
song;
60%
No
60%
No
60%
No
60%
No
60%
I'm
58.7%
heaven
58.7%
I'm
58.7%
heaven
58.7%
I'm
58.7%
heaven
58.7%
I'm
58.7%
heaven
58.7%
That
57.3%
that
57.3%
that
57.3%
that
57.3%
that
57.3%
that
57.3%
endless
54.7%
life
53.3%
clinging.
53.3%
clinging.
53.3%
clinging.
53.3%
shake
52%
inmost
52%
calm
52%
Rock
52%
shake
52%
inmost
52%
calm
52%
Rock
52%
shake
52%
inmost
52%
calm
52%
Rock
52%
shake
52%
inmost
52%
calm
52%
Rock
52%
clinging.
52%
While
50.7%
hear
50.7%
While
50.7%
% Correct
While
50.7%
While
50.7%
storm
49.3%
storm
49.3%
storm
49.3%
storm
49.3%
new
46.7%
It
46.7%
soul.
45.3%
creation.
44%
lamentation,
42.7%
though
42.7%
far-
42.7%
off
42.7%
though
42.7%
though
42.7%
Since
41.3%
Since
41.3%
Since
41.3%
since
41.3%
Since
41.3%
Above
40%
earth's
40%
hymn
40%
hails
40%
all
37.3%
All
37.3%
Christ
36%
Christ
36%
Christ
36%
Christ
36%
Christ
36%
Through
34.7%
echo
33.3%
What
33.3%
What
33.3%
flows
30.7%
ringing.
28%
His!
28%
strife,
26.7%
music
26.7%
am
26.7%
tumult
24%
Songs
24%
night
24%
know
22.7%
mine
22.7%
heart,
21.3%
ever
20%
are
20%
Savior
18.7%
liveth.
18.7%
darkness
18.7%
round?
18.7%
giveth.
18.7%
makes
14.7%
things
14.7%
sweet,
12%
gather
12%
peace
12%
finds
10.7%
joys
10.7%
fresh
10.7%
fountain
10.7%
springing!
10.7%
comforts
9.3%
dies?
9.3%
catch
8%

You're not logged in!

Compare scores with friends on all Sporcle quizzes.
Join for Free
OR
Log In

You Might Also Like...

Show Comments

Extras

Top Quizzes Today


Score Distribution

Your Account Isn't Verified!

In order to create a playlist on Sporcle, you need to verify the email address you used during registration. Go to your Sporcle Settings to finish the process.

Report this User

Report this user for behavior that violates our Community Guidelines.

Details: